| Tag |
First Indicator |
Second Indicator |
Subfields |
| LEADER |
00000cam a2200000 4500 |
| 001 |
in00000047877 |
| 005 |
20151007075559.0 |
| 008 |
750722s1942 mau 00010 eng u |
| 010 |
|
|
|a 42024242
|
| 035 |
|
|
|a (OCoLC)01466235
|
| 035 |
|
|
|9 AAF3468AM
|
| 040 |
|
|
|c HPL
|d TXA
|d UtOrBLW
|
| 049 |
|
|
|a TXAM
|c [138397]
|
| 050 |
0 |
0 |
|a TX715
|b .K36
|
| 082 |
0 |
|
|a 641.5
|
| 092 |
|
|
|a 641.5
|b K37m
|
| 100 |
1 |
|
|a Kent, Louise Andrews,
|d 1886-1969.
|
| 245 |
1 |
0 |
|a Mrs. Appleyard's kitchen /
|c by Louise Andrews Kent.
|
| 264 |
|
1 |
|a Boston :
|b Houghton Mifflin company,
|c 1942.
|
| 300 |
|
|
|a xi pages, 1., 319 pages ;
|c 22 cm.
|
| 336 |
|
|
|a text
|b txt
|2 rdacontent
|
| 337 |
|
|
|a unmediated
|b n
|2 rdamedia
|
| 338 |
|
|
|a volume
|b nc
|2 rdacarrier
|
| 650 |
|
0 |
|a Cooking, American.
|
| 999 |
|
|
|a MARS
|
| 999 |
f |
f |
|s e8b9447b-55e1-34ca-8959-430127c66acb
|i 7d6315da-1452-3ea2-a417-5341f1c256da
|t 0
|
| 952 |
f |
f |
|p ric
|a Texas A&M University
|b Rellis Campus
|c Joint Library Facility
|d Remote Storage
|t 0
|e TX715 .K36
|h Library of Congress classification
|i unmediated -- volume
|m A14801101709
|
| 998 |
f |
f |
|a TX715 .K36
|t 0
|l Remote Storage
|